banner koha

Tecnologias de transformacao da madeira em carvao [Industria florestal; Recurso energetico; Carvao vegetal] (Registro n. 333720)

MARC details
000 -LÍDER
campo de controle de tamanho fixo 01310naa a22003017a 4500
001 - NÚMERO DE CONTROLE
campo de controle BR8103138
003 - IDENTIFICADOR DO NÚMERO DE CONTROLE
campo de controle BR-BrBNA
005 - DATA E HORÁRIO DA ÚLTIMA TRANSAÇÃO
campo de controle 20250716171006.0
007 - CAMPO FIXO DE DESCRIÇÃO FÍSICA--INFORMAÇÃO GERAL
campo de controle de tamanho fixo ta
008 - CAMPO DE DADOS FIXOS--INFORMAÇÃO GERAL
campo de controle de tamanho fixo 250630b bl.|||m| |||| 00| 0 por d
040 ## - FONTE DA CATALOGAÇÃO
Instituição da catalogação original BR-BrBNA
Idioma da catalogação por
Instituição que transcreveu o registro Biblioteca Nacional de Agricultura
041 ## - CÓDIGO DE IDIOMA
Código do idioma do texto/trilha sonora ou título diferente (Pt)
072 ## - CÓDIGO DE CATEGORIA DE ASSUNTO
Código de Categoria de Assunto K50
Código do objeto 8905
-- 8901
090 ## - NÚMERO DE CHAMADA LOCAL
Número de chamada K50 BR8103138
100 1# - ENTRADA PRINCIPAL--NOME PESSOAL
Nome pessoal Juvillar, J.B.
245 1# - TÍTULO
Título Tecnologias de transformacao da madeira em carvao [Industria florestal; Recurso energetico; Carvao vegetal]
246 1# - FORMA VARIANTE DO TÍTULO
Título/título abreviado [Technologies for wood transformation into coal [Forest industry; Energy resource; Charcoal]]
246 1# - FORMA VARIANTE DO TÍTULO
Título/título abreviado [Wood utilization for energy purposes]
490 ## - TÍTULO DA SÉRIE
Título da série Serie de Publicacoes Tecnicas - Fundacao Centro Tecnologico de Minas Gerais (Brazil)
Número do volume ou designação sequencial da série no. 1
500 ## - NOTA GERAL
Nota geral Uso da madeira para fins energeticos<br/>Penedo, W.R. (comp.)<br/>Belo Horizonte, MG (Brasil): 1980. p. 67-82<br/>(BR8103138-AMS)<br/>
650 ## - ASSUNTO--TERMO TÓPICO
Cabeçalho tópico ou nome geográfico Industria florestal
650 ## - ASSUNTO--TERMO TÓPICO
Cabeçalho tópico ou nome geográfico Recurso energetico
650 ## - ASSUNTO--TERMO TÓPICO
Cabeçalho tópico ou nome geográfico Madeira
650 ## - ASSUNTO--TERMO TÓPICO
Cabeçalho tópico ou nome geográfico Carvao vegetal
773 0# - ENTRADA ANALÍTICA
Título Uso da madeira para fins energeticos
Entrada principal Penedo, W.R. (comp.). Fundacao Centro Tecnologico de Minas Gerais, Belo Horizonte (Brasil)
Número de controle do registro K50 BR8103138
Partes relacionadas Belo Horizonte, MG (Brasil), 1980. p. 67-82
942 ## - ELEMENTOS DE ENTRADA ADICIONADOS (KOHA)
Tipo de material Koha Analítica de Monografia Seriada
Fonte da classificação ou esquema de arquivamento na estante Classificação AGRIS
909 ## -
-- 202506
-- Lúcia
-- 55
-- Lúcia Elande
Exemplares
Situação do descarte Fonte da classificação ou esquema de arquivamento na estante Situação física Não pode ser emprestado Coleção Biblioteca de origem Biblioteca atual Total de empréstimos Data de último acesso Número do exemplar Tipo de material Koha Situação das perdas Data de aquisição Fonte de aquisição
  Classificação AGRIS       Biblioteca Nacional de Agricultura - Binagri Biblioteca Nacional de Agricultura - Binagri   30/06/2025 01 Analítica de Monografia Seriada   2025-06-30 Portaria Interministerial nº 164/94

BINAGRI

Telefone: (61)3218-2567/2388/3357/2097 - binagri@agro.gov.br

Ministério da Agricultura e Pecuária , Esplanada dos Ministérios, Bloco D, Anexo B, Brasília/DF, CEP: 70.043-900